000 00603nam a2200193 u 4500
005 20210223131058.0
008 090827s2004 r 000 0 eng d
020 _a8484429636
035 _aUPN01000172080
049 _aCG
050 4 _aDS785
_bE8.7
100 1 _aEsteve Moltó, Jose Elías
245 1 3 _aEl Tíbet :
_bla frustración de un Estado : el genocidio de un pueblo /
_cJosé Elías Esteve Moltó.
260 _aValencia, Esp. :
_bTirant Lo Blanch :
_bPUV,
_c2004.
300 _a644 p. :
_bmapas
440 0 _aDerechos humanos ;
_v3
651 4 _aTIBET -
_xHISTORIA
_913973
905 _aLibro
999 _c144184
_d144184